La literatura en lengua catalana

Gardado en:
Detalles Bibliográficos
Autor Principal: Galí Herrera, Jordi (Author)
Formato: Libro
Idioma:Lingua castelá
Publicado: Madrid Cincel 1981
Series:Cuadernos de Estudio. Serie Literatura, 31
Subjects:
Tags: Engadir etiqueta
Sen Etiquetas, Sexa o primeiro en etiquetar este rexistro!

MARC

LEADER 00000nam a2200000 a 4500
001 UCT7317
003 CL-VaPUC
005 20241112155656.0
008 970117e19810000SP |||||||||||||||||spa|d
999 |c 255947  |d 255945 
040 |c Pontificia Universidad Católica de Valparaíso 
082 0 4 |a 860.9  |b GAL  |2 21 
100 |a Galí Herrera, Jordi  |e author  |9 378258 
245 1 3 |a La literatura en lengua catalana 
260 |a Madrid  |b Cincel  |c 1981 
300 |a 96 p 
490 0 |a Cuadernos de Estudio. Serie Literatura, 31 
583 |a last modification  |c 19970117 00:00:00  |k Rodrigo Vera 
600 0 7 |a GUIMARA, ANGEL  |2 CL-VaPUC  |9 378259 
600 0 7 |a VERDAGUER, JACINTO  |2 CL-VaPUC  |9 378260 
600 0 7 |a VILANOVA, ARNAU DE  |2 CL-VaPUC  |9 378261 
600 0 |a Llull, Ramón,  |d 1232-1316  |9 861252 
650 0 |a Literatura española  |9 306261 
650 0 |a Literatura catalana  |9 376969 
650 0 |a Crítica literaria   |9 269189 
650 0 |a Crítica e interpretación   |9 255042 
942 |c BK  |2 ddc 
945 |d 19970117 00:00:00  |a rleighto 
952 |0 0  |1 0  |4 0  |6 860_900000000000000_GAL_1981  |7 0  |8 A  |9 278447  |a BIBEDU  |b BIBEDU  |d 2019-11-19  |i 3269663  |o 860.9 GAL 1981  |p 3269663  |r 2019-11-19  |w 2019-11-19  |y BK  |k LIT